125 matches avec le TFC_Mort Subite (difficile) - Statistiques

Statistiques générales
  • Ce quiz a été pris 29 fois
  • Le résultat moyen est 2 sur 15
Answers on the Grid
Answers color-coded by a green-red scale on the quiz's grid according to % correct below.
Domergue
Tabanou
Ali Ahamada
Issa Diop
Amian
Ben Yedder
Capoue
Christopher Jullien
Congré
Dejaegere
Desler
Douchez
Akpa Akpro
Gignac
Gradel
Jérémy Mathieu
Van den Boomen
Lafont
Issiaga Sylla
Mohamed Fofana
Moussa Diarra
Nicolaisen
Sierro
Sissoko
Spierings
Steve Yaago
Dupé
Suazo
Trejo
Moubandje
 
Statistiques - réponses
Réponse % Correct
Ben Yedder
56%
Ali Ahamada
31%
Tabanou
25%
Capoue
19%
Sissoko
19%
Amian
13%
Congré
13%
Trejo
13%
Akpa Akpro
6%
Issiaga Sylla
6%
Moubandje
6%
Nicolaisen
6%
Spierings
6%
Steve Yaago
6%
Mohamed Fofana
0%
Aucun quiz correspondant
Distribution des résultats
% des personnes avec chaque résultat
Percentile par nombre de réponses
Votre historique - résultats
Vous n’avez pas pris ce quiz